Central Library OPAC University of Rajshahi

Groups and representations / (Record no. 69938)

MARC details
000 -LEADER
fixed length control field 00904nam a2200277 a 4500
001 - CONTROL NUMBER
control field 69938
003 - CONTROL NUMBER IDENTIFIER
rucl marc code BD-RjUL
005 - DATE AND TIME OF LATEST TRANSACTION
control field 20211209081940.0
008 - FIXED-LENGTH DATA ELEMENTS--GENERAL INFORMATION
fixed length control field 170415s1995 nyu b 001 0 eng d
020 ## - INTERNATIONAL STANDARD BOOK NUMBER
International Standard Book Number 0387945253 (alk. paper)
International Standard Book Number 0387945261 (pbk. : alk. paper)
035 ## - SYSTEM CONTROL NUMBER
System control number (BD-RjUL)70150
040 ## - CATALOGING SOURCE
Original cataloging agency DLC
Transcribing agency DLC
Modifying agency DLC
-- BD-RjUL
Language of cataloging eng
041 ## - LANGUAGE CODE
Language code of text/sound track or separate title eng
082 00 - DEWEY DECIMAL CLASSIFICATION NUMBER
Edition number 23
Classification number 512.2
Author mark and year ALG 1995
100 1# - MAIN ENTRY--PERSONAL NAME
Personal name Alperin, J. L.
9 (RLIN) 207144
245 10 - TITLE STATEMENT
Title Groups and representations /
Statement of responsibility, etc. J.L. Alperin with Rowen B. Bell.
260 ## - PUBLICATION, DISTRIBUTION, ETC. (IMPRINT)
Place of publication, distribution, etc. New York :
Name of publisher, distributor, etc. Springer,
Date of publication, distribution, etc. c1995.
300 ## - PHYSICAL DESCRIPTION
Pagination x, 194 p. ;
Size 25 cm.
504 ## - BIBLIOGRAPHY, ETC. NOTE
Bibliography, etc Includes bibliographical references (p.185-186) and index.
650 #0 - SUBJECT ADDED ENTRY--TOPICAL TERM
Topical term or geographic name as entry element Representations of groups.
9 (RLIN) 152612
700 1# - ADDED ENTRY--PERSONAL NAME
Personal name Bell, Rowen B.
830 ## - SERIES ADDED ENTRY--UNIFORM TITLE
Uniform title Graduate texts in mathematics ;
Volume number/sequential designation 162
942 ## - ADDED ENTRY ELEMENTS (KOHA)
Source of classification or shelving scheme Dewey Decimal Classification
Koha item type Books
Holdings
Lost status Source of classification or shelving scheme Damaged status Not for loan Collection code Permanent Location Current Location Shelving location Date acquired Source of acquisition Cost, normal purchase price Total Checkouts Full call number Date last seen Copy number Koha item type
  Dewey Decimal Classification   Not For Loan Non-fiction Central Library, University of Rajshahi Central Library, University of Rajshahi Reading Room 28/03/2006 Dhaka, Paragan Enterprises ltd. 34.95   512.2 ALG 1995 15/04/2017 C-1 Books